000 00297nam a22001337a 4500
020 _a81-8249-000-6
082 _a920
_bALP/O
245 _aOUTSTANDING INDIANS
250 _a2005
260 _aCHENNAI
_bALPHA LAND BOOKS
300 _a164
650 _a ABOUT GREAT INDIANS
_zCHENNAI
942 _cBK
999 _c6549
_d6549